[Event "Paracin Winter op"]
[Site "Paracin"]
[Date "2018.02.04"]
[Round "8"]
[White "Jovicic, Radisa"]
[Black "Prpa, Aleksandar"]
[Result "1-0"]
[WhiteElo "1658"]
[BlackElo "1077"]
[PlyCount "81"]
[EventDate "2018.01.30"]
[EventType "swiss"]
[EventRounds "9"]
[EventCountry "SRB"]
[SourceTitle "CBM 182 Extra"]
[Source "ChessBase"]
[SourceDate "2018.02.23"]
[SourceVersion "1"]
[SourceVersionDate "2018.02.23"]
[SourceQuality "1"]

1. e4 e5 2. Nf3 Nc6 3. Bb5 d6 4. d4 a6 5. Ba4 b5 6. Bb3 Be7 7. 0-0 Nf6 8. d5 Na5 9. Re1 Nxb3 10. axb3 0-0 11. c4 Bd7 12. Nc3 c6 13. Bg5 h6 14. Bxf6 Bxf6 15. dxc6 Bxc6 16. Nd5 Be7 17. Qc2 Qd7 18. Nb6 Qb7 19. Nxa8 Qxa8 20. b4 bxc4 21. Qxc4 Rc8 22. Rac1 Bb7 23. Qe2 Rxc1 24. Rxc1 f6 25. Rc7 Kf7 26. Qc4+ d5 27. exd5 Bxd5 28. Qc5 Qd8 29. Rxe7+ Qxe7 30. Qxd5+ Kg6 31. Qe4+ Kf7 32. Qc4+ Qe6 33. b3 Qxc4 34. bxc4 Ke6 35. Kf1 Kd6 36. Ke2 Kc6 37. Kd3 Kb6 38. Ke4 Kc6 39. Kf5 Kd6 40. Kg6 Ke6 41. Kxg7 1-0

[Event "Paracin Winter op"]
[Site "Paracin"]
[Date "2018.02.01"]
[Round "3"]
[White "Jovicic, Radisa"]
[Black "Milosavljevic, Ljubisa"]
[Result "1-0"]
[WhiteElo "1658"]
[BlackElo "1364"]
[PlyCount "78"]
[EventDate "2018.01.30"]
[EventType "swiss"]
[EventRounds "9"]
[EventCountry "SRB"]
[SourceTitle "CBM 182 Extra"]
[Source "ChessBase"]
[SourceDate "2018.02.23"]
[SourceVersion "1"]
[SourceVersionDate "2018.02.23"]
[SourceQuality "1"]

1. e4 Nc6 2. Nf3 e6 3. d4 d6 4. Bb5 Bd7 5. Nc3 a6 6. Ba4 b5 7. Bb3 Be7 8. 0-0 Nb8 9. a4 c6 10. axb5 cxb5 11. Qe2 Qb6 12. Be3 Qc7 13. e5 d5 14. Bg5 f6 15. exf6 Bxf6 16. Bxf6 Nxf6 17. Nxd5 Nxd5 18. Bxd5 Nc6 19. Bxe6 0-0-0 20. Bxd7+ Qxd7 21. Rxa6 Nb8 22. Rb6 Qa7 23. Qd3 g6 24. Qc3+ Qc7 25. Qxc7+ Kxc7 26. Rxb5 Rhe8 27. c4 Nc6 28. b4 Re2 29. Ng5 Rxd4 30. c5 Rb2 31. Ne6+ Kd7 32. Nxd4 Nxd4 33. Rb7+ Kc6 34. Rb6+ Kd5 35. Rd6+ Kc4 36. c6 Nxc6 37. Rxc6+ Kxb4 38. Rb6+ Kc3 39. Rxb2 Kxb2 1-0

[Event "SRB Central-ch op-B 7th"]
[Site "Paracin"]
[Date "2014.07.11"]
[Round "9"]
[White "Jovicic, Radisa"]
[Black "Vlajkovic, Stanko"]
[Result "0-1"]
[WhiteElo "1639"]
[BlackElo "1946"]
[PlyCount "61"]
[EventDate "2014.07.04"]
[EventType "swiss"]
[EventRounds "9"]
[EventCountry "SRB"]
[SourceTitle "CBM 161 Extra"]
[Source "ChessBase"]
[SourceDate "2014.08.29"]
[SourceVersion "1"]
[SourceVersionDate "2014.08.29"]
[SourceQuality "1"]

1. e4 c5 2. Nc3 e6 3. Nf3 a6 4. d4 cxd4 5. Nxd4 Qc7 6. Bd3 Nf6 7. Bg5 Be7 8. 0-0 0-0 9. Re1 d6 10. Re3 Qc5 11. Nf3 Nbd7 12. h3 b5 13. a3 Bb7 14. Qe1 Rfe8 15. Rd1 h6 16. Bh4 Bf8 17. b4 Qc7 18. Nh2 Rac8 19. Nb1 e5 20. Nd2 d5 21. Bxf6 Nxf6 22. Ng4 Nxg4 23. hxg4 d4 24. Rh3 Re6 25. Qe2 Rg6 26. Nf3 Be7 27. Nd2 Qd7 28. f3 Bg5 29. Nb3 Be7 30. Ra1 Qe6 31. Rf1 0-1